000 00999cam a2200301 a 4500
001 000014468
005 20200929163844.0
008 990209s1998 ck b i000 0 spa
020 _a9582403551
035 _a(DLC) 99171399
040 _aDO-SdBNP
_cDLC
_dDLC
082 _a306.85098
_bK149
100 1 _aKaluf, Cecilia.
_932672
245 1 0 _aRegreso a casa :
_bla familia y las políticas públicas /
_cCecilia Kaluf y Marta Maurás.
260 _aSantafé de Bogotá :
_bUNICEF ;
_bSantillana,
_c1998.
300 _a251 p. ;
_c21 cm.
490 1 _aCuadernos de debate
504 _aBibliografías: p. 237-251.
504 _aNotas al pie de las páginas
650 4 _aFamilia
_zAmérica Latina
_932673
650 4 _aFamilia
_zCaribe
_932674
650 4 _aPolítica familiar
_zAmérica Latina
_932675
650 4 _aPolítica familiar
_zCaribe
_932676
700 1 _aMauras, Marta.
_932677
830 0 _aCuadernos de debate.
_930067
910 _aCatalogación por copia / LC
049 _aBNGR
999 _c14057
_d14057